00246pam a2200085a 44500008004100000041000800041100002500049245003300074260005300107230405s2009 xxu||||| |||| 00| 0 eng d aENG aSharma Buldhini Jain aA Dictionary of Microbiology anew delhibC.B.S Publishers & Distributersc2009